• 首页
  • 本馆介绍
  • 公告通知
  • 最新文献
  • 馆藏检索
  • 电子资源
  • 读者导购
  • 参考咨询
  • 我的图书馆
  • 登录
  • 详细信息显示
  • 放入我的书架
  • 预约/预借图书
  • 作者相关作品
  • 分类相关作品
  • 丛书相关作品
  • 出版社相关作品

书目信息

  • 表格格式
  • 工作单格式
  • 卡片格式
题名:
中国状元殿试卷大全
    
 
作者: 邓洪波 , 龚抗云 编著
分册: 上卷  
出版信息: 上海   上海教育出版社  2006
页数: 60,1108页
开本: 24cm
丛书名:
单 册:
中图分类: D691.3
科图分类:
主题词: 状元--试卷--中国--汇编 , 状元
电子资源:
ISBN: 7-5444-0578-8
000 00942nam0 2200253 450
001 012007978246
005 20070515111059.85
010    @a7-5444-0578-8@b精装@dCNY220.00(上下卷)
100    @a20070423d2006 km y0chiy0120 ea
101 0  @achi
102    @aCN@b310000
105    @ay z 000yy
106    @ar
200 1  @a中国状元殿试卷大全@Azhong guo zhuang yuan dian shi juan da quan@h上卷@f邓洪波,龚抗云编著@Fdeng hong bo,gong kang yun bian zhu
210    @a上海@c上海教育出版社@d2006
215    @a60,1108页@d24cm
330    @a本书收入自唐至清中国历代状元殿试卷汇集,并加适当注释与介绍。本书所收“状元殿试卷”泛指状元凭以成为状元的那篇诗人,以宋太祖为分隔点,以前实际上只是省试卷,往后才是真正意义上的殿试卷。
606 0  @a状元@x试卷@y中国@j汇编
606 0  @a状元
690    @aD691.3@v4
701  0 @a邓洪波@Adeng hong bo@4编著
701  0 @a龚抗云@Agong kang yun@4编著
801  0 @aCN@bRULIN@c20070515
905    @dD691.3@e132:1@s1
    
    中国状元殿试卷大全.上卷/邓洪波,龚抗云编著.-上海:上海教育出版社,2006
    60,1108页;24cm
    
    
    ISBN 7-5444-0578-8(精装):CNY220.00(上下卷)
    本书收入自唐至清中国历代状元殿试卷汇集,并加适当注释与介绍。本书所收“状元殿试卷”泛指状元凭以成为状元的那篇诗人,以宋太祖为分隔点,以前实际上只是省试卷,往后才是真正意义上的殿试卷。
●
相关链接 在E读中查询图书 在五车中查询图书 在当当中查询图书 在豆瓣中查询图书


正题名:中国状元殿试卷大全     索取号:D691.3/132:1         预约/预借

序号 登录号 条形码 馆藏地/架位号 状态 备注
1 0570325   205703256   第一样本阅览室/ [索取号:D691.3/132:1] 在馆    
唐山师范学院图书馆 欢迎您!
大连网信软件有限公司© 版权所有